| Tag |
First Indicator |
Second Indicator |
Subfields |
| LEADER |
00000nmm a22000001a 4500 |
| 001 |
in00004615113 |
| 006 |
m|||||o||m|||||||| |
| 007 |
cr|cn |||uuuuu |
| 008 |
221118s2022 xxu||||eo|||| ||||||eng d |
| 005 |
20221207214703.1 |
| 035 |
|
|
|a (TxWaIVM)IV86140VaBr
|
| 040 |
|
|
|a TxWaIVM
|c TxWaIVM
|
| 245 |
0 |
0 |
|a Britannia: We Who Are About to Die (2017) #3 /
|c powered by Library Pass.
|
| 260 |
3 |
|
|a [United States] :
|b Valiant Entertainment,
|c 2022.
|
| 300 |
|
|
|a 1 online resource.
|
| 336 |
|
|
|a text
|b txt
|2 rdacontent
|
| 337 |
|
|
|a computer
|b c
|2 rdamedia
|
| 338 |
|
|
|a online resource
|b cr
|2 rdacarrier
|
| 520 |
|
|
|a Wrath of the gods! The women of Rome march to rebellion! Magic and mystery continue to intertwine as the clock ticks down to Rubria's final hours. Will Antonius Axia and his mysterious new partner-the brutal female gladiator known as Achillia-untangle the knots that threaten to hang the Roman Empire...or will Nero finally obtain the dark power he lusted for? As the beaten ghost of Apollo finally rises to cast his dark judgment on all of Rome, history's first detective must act swiftly before humanity's final hours slip into madness!
|
| 521 |
|
|
|a 4
|
| 538 |
|
|
|a Requires a valid library card and registration for new users.
|
| 538 |
|
|
|a Mode of access: World Wide Web.
|
| 538 |
|
|
|a System requirements: Flash 10.1 or higher, Windows XP and higher, Internet Explorer 7 and higher, Firefox 3.6 and higher, Google Chrome; Max OS 10.5 and higher, Safari 4 and higher.
|
| 650 |
|
0 |
|a Comic books, strips, etc.
|
| 655 |
|
7 |
|a Electronic books.
|2 local
|
| 655 |
|
7 |
|a Comic books, strips, etc.
|2 gsafd
|
| 650 |
|
0 |
|a Detective and mystery comic books, strips, etc.
|
| 655 |
|
7 |
|a Detective and mystery comic books, strips, etc.
|2 gsafd
|
| 650 |
|
0 |
|a Comic books, strips, etc. --History
|
| 655 |
|
7 |
|a Comic books, strips, etc. --History
|2 gsafd
|
| 650 |
|
0 |
|a Comic books, strips, etc. --Military
|
| 655 |
|
7 |
|a Comic books, strips, etc. --Military
|2 gsafd
|
| 650 |
|
0 |
|a Suspense comic books, strips, etc.
|
| 655 |
|
7 |
|a Suspense comic books, strips, etc.
|2 gsafd
|
| 650 |
|
0 |
|a Comic books, strips, etc. --Mythology
|
| 655 |
|
7 |
|a Comic books, strips, etc. --Mythology
|2 gsafd
|
| 650 |
|
0 |
|a Comic books, strips, etc. --Superheroes
|
| 655 |
|
7 |
|a Comic books, strips, etc. --Superheroes
|2 gsafd
|
| 700 |
1 |
|
|a Milligan, Peter.
|e writer.
|
| 700 |
1 |
|
|a Ryp, Juan Jose.
|e artist.
|
| 710 |
2 |
|
|a Library Pass, LLC.
|
| 856 |
4 |
0 |
|u http://proxy.library.tamu.edu/login?url=https://tamu.librarypass.com/product/com.iversecomics.valiant.entertainment.britannia.we.who.are.about.to.die.2017.three.english.01062022
|z Connect to this electronic book (First time users create your free account)
|t 0
|
| 955 |
|
|
|a Comics Plus.
|
| 999 |
f |
f |
|s a1dccac7-2016-4526-b46b-cab40d376c67
|i e6d5da10-5d8d-4567-9b84-92407e51fc17
|t 0
|
| 952 |
f |
f |
|a Texas A&M University
|b College Station
|c Electronic Resources
|d Available Online
|t 0
|h Library of Congress classification
|
| 998 |
f |
f |
|t 0
|l Available Online
|